|
|
|
|
| LEADER |
01690nam a22002897a 4500 |
| 001 |
30182 |
| 003 |
BD-DhAAL |
| 005 |
20241112122458.0 |
| 008 |
151021s1995 bg a|||| |||| 00| 0 eng d |
| 040 |
|
|
|a BD-DhAAL
|c BD-DhAAL
|
| 082 |
|
|
|2 22
|a 307.1412095492
|
| 100 |
|
|
|9 15609
|a Hossain, Naomi
|
| 245 |
|
|
|a Problems of women-headed households :
|b Working paper no. 9 /
|c Naomi Hossain.
|
| 264 |
|
|
|a Dhaka :
|b BRAC-ICDDR,B joint research project, BRAC,
|c 1995.
|
| 300 |
|
|
|a 57 pages :
|b illustrations ;
|c 28 cm.
|
| 541 |
|
|
|a AAL
|e 30182
|
| 610 |
|
|
|a BRAC.
|9 15610
|
| 650 |
|
|
|a Rural development
|z Bangladesh.
|9 15611
|
| 700 |
|
|
|a Huda, Samiha.
|9 15733
|
| 710 |
|
|
|a BRAC.
|9 15610
|
| 852 |
|
|
|a Ayesha Abed Library
|c BRAC Resource Section
|
| 942 |
|
|
|2 ddc
|c BK
|
| 999 |
|
|
|c 35916
|d 35916
|
| 952 |
|
|
|0 0
|1 0
|2 ddc
|4 0
|6 307_141209549200000_HOS
|7 1
|9 56438
|a BRACUL
|b BRACUL
|c BRS
|d 2015-10-26
|e Complimentary copy from BRAC
|l 0
|o 307.1412095492 HOS
|p 3010030182
|r 2015-10-26
|t 1
|w 2015-10-26
|y BK
|x Complimentary copy from BRAC ; price not available in register
|
| 952 |
|
|
|0 0
|1 0
|2 ddc
|4 0
|6 307_141209549200000_HOS
|7 1
|9 56439
|a BRACUL
|b BRACUL
|c BRS
|d 2015-10-26
|e Complimentary copy from BRAC
|l 0
|o 307.1412095492 HOS
|p 3010030183
|r 2015-10-26
|t 2
|w 2015-10-26
|y BK
|x Complimentary copy from BRAC ; price not available in register
|
| 952 |
|
|
|0 0
|1 0
|2 ddc
|4 0
|6 307_141209549200000_HOS
|7 1
|8 RPT
|9 56782
|a BRACUL
|b BRACUL
|c BRS
|d 2024-09-11
|e AAL
|l 0
|o 307.1412095492 HOS
|p 3010030455
|r 2015-11-11
|t 3
|y BK
|x AAL ; price not available in register
|
| 952 |
|
|
|0 0
|1 0
|2 ddc
|4 0
|6 307_141209549200000_HOS
|7 1
|8 RPT
|9 56783
|a BRACUL
|b BRACUL
|c BRS
|d 2024-09-11
|e AAL
|l 1
|o 307.1412095492 HOS
|p 3010030456
|r 2025-12-30
|s 2025-03-24
|t 4
|y BK
|x AAL ; price not available in register
|